00797nam a2200241Ia 4500001000600000003000900006008004100015040001300056040001300069041001300082100002500095100002900120245002800149245005700177250001100234260001000245260001300255260004900268300005900317500013200376650001600508650003100524C5873IT-RoPAU130308s9999 xx 000 0 und d aIT-RoPAU cIT-RoPAU aFRANCESE aLacheret-Dujour Anne gCodice Aut. SPICS: 41893 aTraitement de la parole bLinguistique et Traitements Automatiques des Langues a1a ed. aPARIS bHachette c1993 [1° Ed.:1993 - Ed.Ling.Originale:1993] a"19 p. (prefazione: no ; testo: 19 [pagine: 173-191])" aTrattamento della Parola. Richiami Storici. sistemi di sintesi della Parola. sistemi di riconoscimento Automatico della Parola. aLINGUISTICA eCodice materia Spics: 3201